000 01346nam1a2200337 i 4500
001 RU\NLR\bibl\110612
005 20260407043911.0
035 _a(NLR Aleph) 000108267
090 _a613544
_c613544
100 _a20000929d2000 k y0rusy50 ca
101 0 _arus
102 _aRU
105 _aa |||||||||
200 1 _aНаука и знания
_eВторая науч.-метод. конф., 24 - 25 апр.
210 _aНовороссийск
_cНГМА
_d2000
215 _d20
300 _aНа обл.: Посвящается 55-летию победы в Великой Отеч. войне
300 _aВ надзаг.: Моск. гуманит.-экон. ин-т . Новорос. филиал
463 0 _1001104444
463 0 _1001205664
463 0 _1001324769
463 0 _1001437635
463 0 _1001581367
606 _aОбщественные науки
_jСъезды, совещания и т.п.
_91112139
_3RU\NLR\auth\66119728
686 _aС.я431
711 0 2 _aМосковский государственный гуманитарно-экономический институт
_bНовороссийский филиал
_9530677
_3RU\NLR\AUTH\8810016409
801 0 _aRU
_bNLR
_c20000929
_gPSBO
801 1 _aRU
_bNLR
_c20000929
852 _aNLR
_j2000-5/2596
942 _cBOOK